000 00656nam a2200217 i 4500
001 27161
003 ES-MaACL
005 20250813063258.0
007 t|
008 030113s1986 sp ||||1| spa d
020 _a84-01-38081-2
100 0 _aAzancot, Leopoldo,
_d1935-
_924221
245 1 0 _aJerusalén
_b: una historia de amor /
_cLeopoldo Azancot.
250 _a1ª ed.
260 _aEsplugues de Llobregat (Barcelona) :
_bPlaza & Janés,
_c1986.
300 _a267 p. ;
_c22 cm.
490 1 _aPlaza & Janés literaria
830 0 _aPlaza & Janés literaria
_9177814
852 _aES-MaACL
_jL-11038
_bR.112407
999 _c27161
_d27161